Does Farm Ownership Structure Matter? Distribution of CAP Subsidies Between Primary and Final Beneficiaries in Slovakia

Analýza rozdelenia dotácií Spoločnej poľnohospodárskej politiky (SPP) medzi primárnych príjemcov (farmy) a konečných príjemcov (vlastníkov fariem) na Slovensku v roku 2021 s použitím jedinečných údajov na mikroúrovni. Výsledky preukázali výraznú nerovnosť v rozdelení dotácií SPP medzi primárnych a k...

ver descrição completa

Na minha lista:
Detalhes bibliográficos
Autor principal: Pokrivčák, Ján
Outros Autores: Tóth, Marián, Ciaian, Pavel, Juliny, Mário
Formato: Capítulo de Livro
Idioma:inglês
Assuntos:
Tags: Adicionar Tag
Sem tags, seja o primeiro a adicionar uma tag!

MARC

LEADER 00000naa a2200000 4500
001 0315614
005 20260327081815.9
041 0 |a eng 
044 |a CZ 
245 1 0 |a Does Farm Ownership Structure Matter? Distribution of CAP Subsidies Between Primary and Final Beneficiaries in Slovakia  |c Ján Pokrivčák, Marián Tóth, Pavel Ciaian, Mário Juliny 
520 |a Analýza rozdelenia dotácií Spoločnej poľnohospodárskej politiky (SPP) medzi primárnych príjemcov (farmy) a konečných príjemcov (vlastníkov fariem) na Slovensku v roku 2021 s použitím jedinečných údajov na mikroúrovni. Výsledky preukázali výraznú nerovnosť v rozdelení dotácií SPP medzi primárnych a konečných príjemcov na Slovensku. Analýzy naznačujú, že implementácia SPP na Slovensku nebola dostatočná na riešenie nerovnomerného rozdelenia dotácií SPP. 
610 2 0 |a poľnohospodárstvo 
610 2 0 |a farmy 
610 2 0 |a vlastníctvo 
610 2 0 |a politika poľnohospodárska spoločná 
610 2 0 |a dotácie 
610 2 0 |a nerovnosť 
610 2 0 |a Slovensko 
100 1 |a Pokrivčák, Ján 
700 1 |a Tóth, Marián 
700 1 |a Ciaian, Pavel 
700 1 |a Juliny, Mário